La vie d'aventurier - Naheulband paroles - Statistiques

Statistiques générales
  • Ce quiz a été pris 7 fois
  • Le résultat moyen est 285 sur 293
Statistiques - réponses
Paroles % Correct
à
100%
armure
100%
arracher
100%
au
100%
bras
100%
ça
100%
carquois
100%
carrière
100%
c'est
100%
charisme
100%
chez
100%
cinq
100%
courir
100%
d'aventurier
100%
de
100%
des
100%
deux
100%
dix
100%
donjons
100%
donne
100%
dragon
100%
du
100%
d'un
100%
en
100%
erreurs
100%
et
100%
évite
100%
flèches
100%
fractures
100%
génitales
100%
genre
100%
gobelins
100%
j'achèterai
100%
j'aurai
100%
je
100%
la
100%
les
100%
ma
100%
mais
100%
minotaures
100%
moi
100%
moins
100%
mon
100%
neuf
100%
niveau
100%
on
100%
pansements
100%
parties
100%
peu
100%
plus
100%
pour
100%
poutrer !
100%
précédent
100%
puissance
100%
Quand
100%
quatre
100%
qui
100%
rentre
100%
saigner !
100%
ses
100%
six
100%
squelettes
100%
t'arrache
100%
taureau
100%
terminée...
100%
trois
100%
trolls
100%
tuer !
100%
un
100%
une
100%
va
100%
vie
100%
y
100%
y'a
100%
anneau
83%
baliste
83%
cheval
83%
corriger
83%
cramer !
83%
dans
83%
dormir
83%
duvet
83%
égal
83%
est
83%
éventrer !
83%
facile
83%
huit
83%
jamais
83%
j'suis
83%
j'y
83%
lancer
83%
magicien
83%
magiques
83%
même
83%
m'enrhumer
83%
m'est
83%
mettrai
83%
monter
83%
orques
83%
parchemins
83%
pas
83%
pis
83%
sais
83%
sans
83%
sept
83%
si
83%
sortilèges
83%
surtout
83%
tant
83%
tester !
83%
vorpale
83%
vraiment
83%
assiéger
67%
bousiller !
67%
décimer !
67%
liches
67%
momies
67%
nécromants-cultistes
67%
Aucun quiz correspondant
Distribution des résultats
% des personnes avec chaque résultat
Percentile par nombre de réponses
Votre historique - résultats
Vous n’avez pas pris ce quiz